• 首页
  • 本馆介绍
  • 公告通知
  • 最新文献
  • 馆藏检索
  • 电子资源
  • 读者导购
  • 参考咨询
  • 我的图书馆
  • 登录
  • 详细信息显示
  • 放入我的书架
  • 预约/预借图书
  • 作者相关作品
  • 分类相关作品
  • 丛书相关作品
  • 出版社相关作品

书目信息

  • 表格格式
  • 工作单格式
  • 卡片格式
题名:
信息系统审计、控制与管理
    
 
作者: 陈耿 , 韩志耕 , 卢孙中 编著
分册:  
出版信息: 北京   清华大学出版社  2014
页数: 12,435页
开本: 26cm
丛书名:
单 册:
中图分类: F239.6
科图分类:
主题词: 信息系统--审计--高等学校--教材 , 信息系统 , 审计
电子资源:
ISBN: 978-7-302-33839-0
000 01084nam0 2200289 450
001 523
005 20140908164443.18
010    @a978-7-302-33839-0@dCNY44.50
100    @a20140317d2014 em y0chiy50 ea
101 0  @achi
102    @aCN@b110000
105    @ay z 000yy
106    @ar
200 1  @a信息系统审计、控制与管理@AXin Xi Xi Tong Shen Ji、 Kong Zhi Yu Guan Li@f陈耿,韩志耕,卢孙中编著@FChen Geng, Han Zhi Geng, Lu Sun Zhong Bian Zhu
210    @a北京@c清华大学出版社@d2014
215    @a12,435页@d26cm
300    @a普通高等教育“十一五”国家级规划教材 中国高等学校信息管理与信息系统专业规划教材
330    @a本书共六篇20章。内容包括:信息系统审计概述、信息系统审计实施、财务数据的真实性、安全性审计概述、数据安全、操作系统安全、网络安全、安全应急管理等。
606 0  @a信息系统@x审计@x高等学校@j教材
606 0  @a信息系统
606 0  @a审计
690    @aF239.6@v5
701  0 @a陈耿@AChen Geng@4编著
701  0 @a韩志耕@AHan Zhi Geng@4编著
701  0 @a卢孙中@ALu Sun Zhong@4编著
801  0 @aCN@bTANGWEI@c20140603
905    @b0841301-03@dF239.6@e478@f3
    
    信息系统审计、控制与管理/陈耿,韩志耕,卢孙中编著.-北京:清华大学出版社,2014
    12,435页;26cm
    普通高等教育“十一五”国家级规划教材 中国高等学校信息管理与信息系统专业规划教材
    
    ISBN 978-7-302-33839-0:CNY44.50
    本书共六篇20章。内容包括:信息系统审计概述、信息系统审计实施、财务数据的真实性、安全性审计概述、数据安全、操作系统安全、网络安全、安全应急管理等。
●
相关链接 在E读中查询图书 在五车中查询图书 在当当中查询图书 在豆瓣中查询图书


正题名:信息系统审计、控制与管理     索取号:F239.6/478         预约/预借

序号 登录号 条形码 馆藏地/架位号 状态 备注
1 0841301   208413019   第一样本阅览室/ [索取号:F239.6/478] 在馆    
2 0841302   208413028   第一借阅区/ [索取号:F239.6/478] 在馆    
3 0841303   208413037   经管系资料室/ [索取号:F239.6/478] 在馆    
唐山师范学院图书馆 欢迎您!
大连网信软件有限公司© 版权所有